| 000 | 00557nam a2200181 a 4500 | ||
|---|---|---|---|
| 005 | 20210219160423.0 | ||
| 008 | 081107s2000 mx r 000 0 spa d | ||
| 020 | _a9211005701 | ||
| 035 | _aUPN01000165352 | ||
| 049 | _aUNE | ||
| 080 | _a341.123 =20 "1995" ABC. | ||
| 245 | 0 | 0 | _aBasic facts about the united nations. |
| 260 | _aNew York : United Nations. Department of Public Information, 1995. | ||
| 300 | _axiv, 341 p.; 21 cm. fot. | ||
| 690 | _aONU- Estructura administrativa | ||
| 690 | _aOrganizaciones internacionales- ONU | ||
| 905 | _aUNESCO | ||
| 999 |
_c137464 _d137464 |
||